<?xml version="1.0" encoding="UTF-8"?>
<collection xmlns="http://www.loc.gov/MARC21/slim">
<record>
  <controlfield tag="001">125719</controlfield>
  <controlfield tag="005">20230420124106.0</controlfield>
  <datafield tag="037" ind1=" " ind2=" ">
    <subfield code="a">TAZ-TFG-2021-2246</subfield>
  </datafield>
  <datafield tag="041" ind1=" " ind2=" ">
    <subfield code="a">spa</subfield>
  </datafield>
  <datafield tag="100" ind1="1" ind2=" ">
    <subfield code="a">Montull Castillo , Jose Antonio</subfield>
  </datafield>
  <datafield tag="242" ind1="0" ind2="0">
    <subfield code="a">Use of slurry from mother sows as fertilizer for corn. Productive and environmental effects</subfield>
  </datafield>
  <datafield tag="245" ind1="0" ind2="0">
    <subfield code="a">Utilización de purín de cerdas madres como fertilizante del maíz. Efectos productivos y ambientales</subfield>
  </datafield>
  <datafield tag="260" ind1=" " ind2=" ">
    <subfield code="a">Zaragoza</subfield>
    <subfield code="b">Universidad de Zaragoza</subfield>
    <subfield code="c">2021</subfield>
  </datafield>
  <datafield tag="506" ind1=" " ind2=" ">
    <subfield code="a">by-nc-sa</subfield>
    <subfield code="b">Creative Commons</subfield>
    <subfield code="c">3.0</subfield>
    <subfield code="u">http://creativecommons.org/licenses/by-nc-sa/3.0/</subfield>
  </datafield>
  <datafield tag="520" ind1=" " ind2=" ">
    <subfield code="a">Se ha producido en los últimos años en Aragón, un gran aumento de las explotaciones porcinas, también de purines, que pueden ser muy contaminantes si no se gestionan adecuadamente. Pueden usarse como fertilizante en la agricultura, que aplicados correctamente, no producen contaminación, permitiendo el reciclado de nutrientes. Este trabajo tiene como objetivo principal, evaluar el efecto productivo y ambiental de diferentes formas de fertilización del maíz, en especial, entre el purín y el abonado mineral. Se han realizado muestreos periódicos de suelo, en las parcelas del ensayo, cada diez días. También un único muestreo de las hojas del maíz. Con abonado de cobertera, hay mayor cantidad de nitrato residual al final del ciclo, que causa mayor contaminación que los tratamientos que no lo llevan. También ocurre lo mismo cuando se aplica una cantidad excesiva de purín (PUR 400-0). El contenido de nitrógeno en forma de amonio, aumenta  mucho entre el final del ciclo del maíz y comienzo del siguiente. Se ha obtenido una ligera mayor producción en los tratamientos con purín, excepto en el tratamiento que se ha aplicado en exceso. El agricultor obtiene mayor rentabilidad con el purín, ya que resulta más económico que el abonado mineral.&lt;br /></subfield>
  </datafield>
  <datafield tag="521" ind1=" " ind2=" ">
    <subfield code="a">Graduado en Ciencias Ambientales</subfield>
  </datafield>
  <datafield tag="540" ind1=" " ind2=" ">
    <subfield code="a">Derechos regulados por licencia Creative Commons</subfield>
  </datafield>
  <datafield tag="653" ind1="1" ind2=" ">
    <subfield code="a">Purín</subfield>
  </datafield>
  <datafield tag="653" ind1="1" ind2=" ">
    <subfield code="a">Fertilizante</subfield>
  </datafield>
  <datafield tag="653" ind1="1" ind2=" ">
    <subfield code="a">Maíz</subfield>
  </datafield>
  <datafield tag="700" ind1=" " ind2=" ">
    <subfield code="a">Betrán Aso, Jesús/ Bruna Lavilla , Pablo</subfield>
    <subfield code="e">dir.</subfield>
  </datafield>
  <datafield tag="710" ind1="2" ind2=" ">
    <subfield code="a">Universidad de Zaragoza</subfield>
    <subfield code="b">Ciencias Agrarias y del Medio Natural</subfield>
    <subfield code="c">Edafología y Química Agrícola</subfield>
  </datafield>
  <datafield tag="856" ind1="0" ind2=" ">
    <subfield code="f">539467@unizar.es</subfield>
  </datafield>
  <datafield tag="856" ind1="4" ind2=" ">
    <subfield code="s">5476841</subfield>
    <subfield code="u">http://zaguan.unizar.es/record/125719/files/TAZ-TFG-2021-2246.pdf</subfield>
    <subfield code="y">Memoria (spa)</subfield>
  </datafield>
  <datafield tag="909" ind1="C" ind2="O">
    <subfield code="o">oai:zaguan.unizar.es:125719</subfield>
    <subfield code="p">driver</subfield>
    <subfield code="p">trabajos-fin-grado</subfield>
  </datafield>
  <datafield tag="950" ind1=" " ind2=" ">
    <subfield code="a"></subfield>
  </datafield>
  <datafield tag="980" ind1=" " ind2=" ">
    <subfield code="a">TAZ</subfield>
    <subfield code="b">TFG</subfield>
    <subfield code="c">EPSHUES</subfield>
  </datafield>
  <datafield tag="999" ind1=" " ind2=" ">
    <subfield code="a">20210622235502.CREATION_DATE</subfield>
  </datafield>
  <datafield tag="951" ind1=" " ind2=" ">
    <subfield code="a">deposita:2023-04-20</subfield>
  </datafield>
</record>
</collection>